Primes One piece - Statistiques

Statistiques générales
  • Ce quiz a été pris 79 fois
  • Le résultat moyen est 6 sur 10
Statistiques - réponses
Prime Indice - Première apparition Réponse % Correct
1 000 Chapitre 134 Tony Tony Chopper
89%
5 564 800 000 Chapitre 1 Gol D. Roger
84%
366 000 000 Chapitre 8 Nami
84%
3 996 000 000 Chapitre 223 Marshall D. Teach
74%
3 189 000 000 Chapitre 9 Baggy
68%
1 659 000 000 Chapitre 516 Boa Hancock
65%
602 000 000 Chapitre 583 Sabo
55%
480 000 000 Chapitre 978 Black Maria
35%
195 000 000 Chapitre 222 Bellamy
27%
12 000 000 Chapitre 44 Gin
21%
Aucun quiz correspondant
Distribution des résultats
% des personnes avec chaque résultat
Percentile par nombre de réponses
Votre historique - résultats
Vous n’avez pas pris ce quiz